000 00669nam a2200265Ia 4500
005 20260121170403.0
008 008 260114s9999 xx 000 0 eng d
020 _a9783319702025
037 _aEBOOK
040 _aCRL
040 _beng
040 _cCRL
041 _2eng
041 _aeng
084 _qCRL
100 _aVincent Druliolle, Roddy Brett
_91063266
245 4 _aThe Politics of Victimhood in Post-conflict Societies
260 _bSpringer
260 _bSpringer
260 _c2018
856 _uhttps://link.springer.com/openurl?genre=book&isbn=978-3-319-70202-5
942 _cEBOOK
999 _c1628995
_d1628995